000 00312pam a2200133 a 4500
020 _c
041 _h
082 _a751.422
_bBEC
100 _aDavid R. Becker .
245 _aHow to Sketch With watercolour
_hTextual Documents
260 _aBombay
_bNorth Light Books
300 _a90:
_bpaper.
930 _a7461
999 _c241251
_d241251